Регионална библиотека "Любен Каравелов" - Русе

Рамо до рамо по общия път (Запис номер 399242)

MARC детайли
000 -Лидер
Контролно поле с фиксирана дължина 01573nkm a2200349 a 4500
003 - Код на организацията, давaща контролен номер
Контролно поле BLK
005 - Дата и час на последна редакция
Контролно поле 20240315005335.0
008 - Елементи от данни с фиксирана дължина
fixed length control field 200923b bu ||||| |||| r0| 0|bu ||
040 ## - Източник на каталожния запис
Идентификатор на билиотеката - собственик на записа BLK
041 ## - Код за език
Код за езика на текст/звукозапис или на отделно заглавие Български
Код за езика КДБФ Български
080 ## - УДК
Текстов определител УДК Международни политически отношения. Световна политика. Международна политика. Дипломация
УДК код - определител по УДК 327
УДК - код + определител 327(497.2)(084.1)
100 1# - Редна дума - Автор
R(LIN) 66623
Автор Евтимова, Ани
Авторска отговорност първи автор
139 ## - Редно поле
Редна дума Евтимова, Ани
Авторски знак Евт - Е 22
245 ## - Сведения за заглавието
Заглавие Рамо до рамо по общия път
Подзаглавни данни [Изобразителен материал : Комплект табла]
Редно поле (дума) А. Евтимова ; ред. Лилия Мартинова ; худож. Йордан Петров.
257 ## - Страна на издаване
Страна на създаване/издаване България
260 ## - Област на издателските данни
9 (RLIN) 210539
Място на издаване, разпространение и проч. София
Име на издателя, разпространителя и проч. Септември
Година на издаване 1988
Издателство - префикс ISBN 954-406-
300 ## - Физическа характеристика
Страници (15 отд. л.)
Илюстрации и др. сн. в 1 папка
Размери/Мащаб 47 см
380 ## - Жанр
Жанр Обществени науки
501 ## - Забележка „подвързано към”
Забележка: Подвързано към... 5 000 тир. - 1,60 лв.
650 #0 - Допълнително описание по предмет – тема
9 (RLIN) 264947
Основно описание – тема или топоним България и Русия
650 #0 - Допълнително описание по предмет – тема
9 (RLIN) 276470
Основно описание – тема или топоним Българо-съветска дружба
650 #0 - Допълнително описание по предмет – тема
Основно описание – тема или топоним Международни отношения
9 (RLIN) 245477
651 #7 - Допълнително описание по предмет - топоним
9 (RLIN) 178684
Географско понятие България
651 #7 - Допълнително описание по предмет - топоним
9 (RLIN) 179465
Географско понятие Русия
651 #7 - Допълнително описание по предмет - топоним
9 (RLIN) 179592
Географско понятие СССР
653 #0 - Ключова дума – ненормативна
9 (RLIN) 401783
Ключова дума снимкови албуми
700 ## - Други автори (авторска отговорност)
9 (RLIN) 442136
Лично име Мартинова, Лилия
Автороска отговорност (Описва отношението между автора и произведението) ред.
700 1# - Други автори (авторска отговорност)
9 (RLIN) 109595
Лично име Петров, Йордан
Автороска отговорност (Описва отношението между автора и произведението) худож.
852 ## - Местоположение
Форматна сигнатура Цб ІІІ 254
Фондова буква Хранилище
999 ## - СИСТЕМНИ КОНТРОЛНИ НОМЕРА
Koha biblionumber 399242
Koha biblioitemnumber 399242
942 ## - АРТИКУЛИ
Вид на библиотечния материал Книги
Скрит в OPAC Не
Периодичен библиозапис Да
944 ## - СЪЗДАВАНЕ И РЕДАКЦИЯ на ЗАПИСА
Създаване/Редакция Създаване
Дата на регистрацията/редакция 2021-02-25
Служител, извършил регистрацията/редакцията
Статус, дата на статуса CRON CRON
Наличности
Код за отписване Код за изгубен артикул Източник на класификационната схема Код за повреда Коз за рестрикции Код за отдаване Артикулен № Име на библиотеката - собственик Име на библиотеката, в която се намира в момента Статус (Текущо местоположение) Дата на вписване в системата Местоположение - отдел Цена в лева Инвентарен номер Систематично азбучна сигнатура Баркод Цена в евро Служебен тип на артикула
  Не е изгубен Universal Decimal Classification Не е повреден само за читалня ползва се в читалня 813537 Регионална библиотека "Любен Каравелов" Русе Регионална библиотека "Любен Каравелов" Русе Хранилище 2021-02-26 Хранилище 1.60 493617 Цб ІІІ 254 120000493617 0.82 Книги
Vip Innovations Ltd, Rousse, Bulgaria 2025